Every Justin Bieber song that hit the Billboard hot 100 - Statistics

General Stats
  • This quiz has been taken 292 times
  • The average score is 26 of 69
Answer Stats
Peak Chart Position Year Song % Correct
16 2017 2U
98%
5 2010 Baby
97%
1 2016 Sorry
93%
1 2016 Love Yourself
83%
1 2015 What Do You Mean?
83%
2 2012 Boyfriend
81%
5 2013 Beauty And A Beat
62%
17 2010 One Time
62%
8 2011 Never Say Never
60%
16 2009 One Less Lonely Girl
59%
2 2016 Cold Water
58%
8 2015 Where Are U Now
58%
6 2012 As Long As You Love Me
56%
98 2013 As Long As You Love Me (Acoustic)
56%
37 2009 Love Me
55%
11 2011 Mistletoe
55%
1 2017 Despacito
54%
43 2015 Purpose
54%
53 2015 Company
52%
41 2013 Confident
51%
15 2010 Somebody To Love
49%
27 2010 U Smile
49%
4 2016 Let Me Love You
48%
15 2010 Eenie Meenie
47%
1 2017 I'm The One
45%
24 2013 All That Matters
43%
20 2017 Friends
43%
22 2012 All Around The World
41%
19 2015 I'll Show You
39%
92 2010 That Should Be Me
34%
67 2015 Life Is Worth Living
33%
49 2015 No Pressure
32%
54 2015 No Sense
32%
31 2015 The Feeling
32%
74 2015 Children
31%
42 2015 Mark My Words
31%
26 2009 Favorite Girl
29%
13 2013 Heartbreaker
28%
86 2011 All I Want For Christmas Is You (SuperFestive!)
25%
79 2009 Down To Earth
25%
81 2015 Been You
24%
21 2010 Never Let You Go
23%
98 2015 Trust
22%
17 2012 Die In Your Arms
21%
29 2013 Hold Tight
21%
53 2013 Bad Day
20%
90 2015 Get Used To It
20%
61 2011 Pray
20%
95 2012 Right Here
20%
47 2013 Roller Coaster
20%
88 2015 We Are
20%
54 2013 PYD
19%
41 2013 Recovery
19%
50 2013 All Bad
18%
94 2009 Bigger
18%
26 2011 Next To You
18%
59 2013 Nothing Like Us
18%
59 2013 Change Me
17%
99 2009 First Dance
17%
19 2013 Lolly
17%
17 2013 #thatPOWER
17%
58 2011 Christmas Song (Chestnuts Roasting On An Open Fire)
14%
86 2012 Drummer Boy
14%
75 2016 Deja Vu
11%
68 2013 Wait For A Minute
11%
60 2012 Turn To You (Mother's Day Dedication)
8%
87 2012 Beautiful
7%
74 2011 Born To Be Somebody
7%
21 2012 Live My Life
7%
No matching quizzes found
Score Distribution
Percent of People with Each Score
Percentile by Number Answered
Your Score History
You have not taken this quiz